[Event "IRQ-ch"]
[Site "Baghdad"]
[Date "2022.08.25"]
[Round "2"]
[White "Firas, Qassim Abbas"]
[Black "Saif, Salman Al Tememy"]
[Result "1-0"]
[WhiteElo "2020"]
[BlackElo "1595"]
[PlyCount "61"]
[EventDate "2022.08.24"]
[EventType "swiss"]
[EventRounds "9"]
[EventCountry "IRQ"]
[SourceTitle "CBM 210 Extra"]
[Source "ChessBase"]
[SourceDate "2022.11.30"]
[SourceVersion "1"]
[SourceVersionDate "2022.11.30"]
[SourceQuality "1"]

1. e4 c5 2. Nf3 d6 3. Bb5+ Nc6 4. 0-0 e5 5. c3 Bg4 6. h3 Bxf3 7. Qxf3 Qf6 8. Qe2 g5 9. d4 exd4 10. cxd4 Qxd4 11. Nc3 Nge7 12. Be3 Qe5 13. f4 gxf4 14. Bxf4 Qd4+ 15. Kh1 Ng6 16. Nd5 Rc8 17. Bg5 Bg7 18. Nf6+ Kf8 19. a3 Nb8 20. Rad1 Qe5 21. Rd5 Qe6 22. Qd2 Rd8 23. Nh5 Be5 24. Bxd8 a6 25. Bc4 Nd7 26. Rxe5 Qxe5 27. Rxf7+ Ke8 28. Nf6+ Kxd8 29. Rxd7+ Kc8 30. Qa5 d5 31. Qb6 1-0

[Event "Erbil Khanzad op 14th"]
[Site "Erbil"]
[Date "2019.12.15"]
[Round "6.2"]
[White "Mohammed, Zozek Salah Mohamme"]
[Black "Firas, Qassim Abbas"]
[Result "1-0"]
[WhiteElo "2213"]
[BlackElo "2020"]
[PlyCount "87"]
[EventDate "2019.12.12"]
[EventType "swiss"]
[EventRounds "9"]
[EventCountry "IRQ"]
[SourceTitle "CBM 193 Extra"]
[Source "ChessBase"]
[SourceDate "2020.01.31"]
[SourceVersion "1"]
[SourceVersionDate "2020.01.31"]
[SourceQuality "1"]

1. d4 d5 2. Nf3 Nf6 3. g3 Bf5 4. Bg2 e6 5. 0-0 h6 6. c4 c6 7. Nc3 Nbd7 8. Nd2 Be7 9. e4 dxe4 10. Ndxe4 0-0 11. b3 Qa5 12. Bb2 Rad8 13. Qe1 Nxe4 14. Nd5 Bb4 15. Nxb4 Ndf6 16. Nxc6 Qxe1 17. Ne7+ Kh8 18. Rfxe1 Bh7 19. d5 Rfe8 20. Ba3 Rd7 21. f3 Nd6 22. dxe6 Rdxe7 23. Bxd6 Rxe6 24. Bb4 Rxe1+ 25. Rxe1 Rxe1+ 26. Bxe1 Bb1 27. f4 Ne4 28. a3 f5 29. b4 Kg8 30. Bf1 Kf7 31. Kg2 Ke7 32. Kf3 b6 33. Ke3 g6 34. Kd4 Kd6 35. a4 Bc2 36. a5 Ba4 37. b5 Bd1 38. Bb4+ Nc5 39. Bg2 Bc2 40. Bd5 g5 41. Bxc5+ bxc5+ 42. Kc3 Bb1 43. b6 a6 44. Bb7 1-0

[Event "Baghdad op 6th"]
[Site "Baghdad"]
[Date "2018.03.14"]
[Round "1"]
[White "Firas, Qassim Abbas"]
[Black "Gagunashvili, Merab"]
[Result "0-1"]
[WhiteElo "2004"]
[BlackElo "2576"]
[PlyCount "56"]
[EventDate "2018.03.14"]
[EventType "swiss"]
[EventRounds "9"]
[EventCountry "IRQ"]
[SourceTitle "CBM 183 Extra"]
[Source "ChessBase"]
[SourceDate "2018.04.19"]
[SourceVersion "1"]
[SourceVersionDate "2018.04.19"]
[SourceQuality "1"]

1. d4 Nf6 2. Bf4 g6 3. Nc3 Bg7 4. e4 d6 5. e5 Nh5 6. Qd2 Nxf4 7. Qxf4 0-0 8. Nf3 c5 9. d5 dxe5 10. Nxe5 Qd6 11. Nd3 Bxc3+ 12. bxc3 Qxd5 13. Be2 Qxg2 14. Bf3 Qh3 15. 0-0-0 Nc6 16. Bxc6 bxc6 17. Ne5 Qxc3 18. Nxc6 Be6 19. Nxe7+ Kg7 20. Rd3 Qa1+ 21. Kd2 Qxh1 22. Qe5+ f6 23. Qxe6 Qxh2 24. Rd7 Qxf2+ 25. Kc1 Qg1+ 26. Kd2 Qg5+ 27. Kd1 Kh8 28. Nd5 Rae8 0-1

[Event "IRQ Clubs-chT"]
[Site "Baghdad"]
[Date "2017.08.16"]
[Round "6.2"]
[White "Gagunashvili, Merab"]
[Black "Firas, Qassim Abbas"]
[Result "1-0"]
[WhiteElo "2570"]
[BlackElo "2003"]
[PlyCount "24"]
[EventDate "2017.08.16"]
[EventType "team-swiss"]
[EventRounds "7"]
[EventCountry "IRQ"]
[SourceTitle "CBM 180 Extra"]
[Source "ChessBase"]
[SourceDate "2017.10.06"]
[SourceVersion "1"]
[SourceVersionDate "2017.10.06"]
[SourceQuality "1"]
[WhiteTeam "Etisalat"]
[BlackTeam "Engineers"]
[WhiteTeamCountry "IRQ"]
[BlackTeamCountry "IRQ"]

1. d4 d5 2. c4 e6 3. Nf3 c5 4. cxd5 exd5 5. Nc3 Nc6 6. Bf4 Nf6 7. e3 Be6 8. Be2 Be7 9. dxc5 Bxc5 10. 0-0 0-0 11. Rc1 a6 12. Na4 Ba7 1-0

[Event "IRQ-chT 29th"]
[Site "Baghdad"]
[Date "2017.03.24"]
[Round "10"]
[White "Firas, Forat Hussein"]
[Black "Firas, Qassim Abbas"]
[Result "0-1"]
[WhiteElo "1757"]
[BlackElo "1992"]
[PlyCount "80"]
[EventDate "2017.03.09"]
[EventType "team-match"]
[EventRounds "11"]
[EventCountry "IRQ"]
[SourceTitle "CBM 177 Extra"]
[Source "ChessBase"]
[SourceDate "2017.04.27"]
[SourceVersion "1"]
[SourceVersionDate "2017.04.27"]
[SourceQuality "1"]
[WhiteTeam "Al Raseel"]
[BlackTeam "Engineers"]
[WhiteTeamCountry "IRQ"]
[BlackTeamCountry "IRQ"]

1. e4 e6 2. d4 d5 3. Nd2 c5 4. c3 cxd4 5. cxd4 dxe4 6. Nxe4 Bb4+ 7. Nc3 Nc6 8. Nf3 Nf6 9. a3 Bxc3+ 10. bxc3 0-0 11. Bg5 h6 12. Bh4 Qa5 13. Qb3 Nd5 14. Rc1 b6 15. Nd2 Nde7 16. Bd3 Qh5 17. Bg3 e5 18. Nf3 exd4 19. cxd4 Bg4 20. Be4 Be6 21. d5 Na5 22. Qb1 Bxd5 23. 0-0 Bxe4 24. Qxe4 Nf5 25. Rc7 Nxg3 26. fxg3 Rae8 27. Qb4 Qd5 28. Nh4 Re2 29. Qg4 Re4 30. Qf3 Qd4+ 31. Kh1 Qe3 32. Qf5 Re5 33. Qb1 Nb3 34. Nf3 Nd2 35. Nxd2 Qxd2 36. Rxa7 Re2 37. Rg1 Rfe8 38. Qb3 Rf2 39. h3 Re1 40. Qc4 Rxg1+ 0-1

[Event "IRQ-chT 29th"]
[Site "Baghdad"]
[Date "2017.03.23"]
[Round "7"]
[White "Firas, Qassim Abbas"]
[Black "Abdulwahhab, Ahmed Abdulsattar"]
[Result "0-1"]
[WhiteElo "1992"]
[BlackElo "2221"]
[PlyCount "100"]
[EventDate "2017.03.09"]
[EventType "team-match"]
[EventRounds "11"]
[EventCountry "IRQ"]
[SourceTitle "CBM 177 Extra"]
[Source "ChessBase"]
[SourceDate "2017.04.27"]
[SourceVersion "1"]
[SourceVersionDate "2017.04.27"]
[SourceQuality "1"]
[WhiteTeam "Engineers"]
[BlackTeam "Al Kahraba"]
[WhiteTeamCountry "IRQ"]
[BlackTeamCountry "IRQ"]

1. e4 c5 2. Nf3 e6 3. b3 Nf6 4. e5 Nd5 5. c4 Nb4 6. Bb2 Be7 7. Be2 0-0 8. 0-0 d6 9. exd6 Qxd6 10. Na3 a6 11. Nc2 Nxc2 12. Qxc2 Nc6 13. Rfe1 Rd8 14. Bf1 b6 15. Rad1 Bb7 16. d4 Nb4 17. Qe2 cxd4 18. Nxd4 Qf4 19. Nxe6 fxe6 20. Qxe6+ Qf7 21. Qxe7 Qxe7 22. Rxe7 Rxd1 23. Rxg7+ Kf8 24. Rxb7 Re8 25. Ba3 a5 26. g3 Ree1 27. Rxb6 Rxf1+ 28. Kg2 Rg1+ 29. Kh3 Ra1 30. Rb5 Kf7 31. Rxa5 Nd3 32. Kg4 Rxa2 33. Ra7+ Ke8 34. Bc5 Rxa7 35. Bxa7 Rb1 36. f4 Rxb3 37. Kh5 Kf7 38. h4 Rc3 39. Kh6 Kg8 40. f5 Rxc4 41. Kg5 Ne5 42. Bb8 Rg4+ 43. Kh5 Re4 44. Kg5 Kf7 45. Bc7 Nd7 46. Bf4 Nf6 47. Kh6 Rc4 48. Kg5 Kg7 49. h5 h6+ 50. Kh4 Nd5 0-1

[Event "IRQ Club-chT 25th"]
[Site "Baghdad"]
[Date "2013.03.30"]
[Round "10.7"]
[White "Shayan, Sabri Mohmood"]
[Black "Firas, Qassim Abbas"]
[Result "1-0"]
[WhiteElo "2128"]
[BlackElo "2044"]
[PlyCount "129"]
[EventDate "2013.02.21"]
[EventType "team-tourn"]
[EventRounds "15"]
[EventCountry "IRQ"]
[SourceTitle "EXT 2018"]
[Source "ChessBase"]
[SourceDate "2017.10.13"]
[SourceVersion "1"]
[SourceVersionDate "2017.10.13"]
[SourceQuality "1"]

1. Nf3 Nf6 2. c4 e6 3. g3 b6 4. Bg2 Bb7 5. 0-0 Be7 6. d3 c5 7. Nc3 0-0 8. e3 Qc8 9. b3 d5 10. Bb2 Rd8 11. Qe2 Nc6 12. d4 dxc4 13. bxc4 cxd4 14. exd4 Nxd4 15. Nxd4 Bxg2 16. Kxg2 Rxd4 17. Nd5 Rxd5 18. cxd5 Nxd5 19. Rac1 Qb7 20. Qf3 Qa6 21. a3 Rc8 22. Rxc8+ Qxc8 23. Rc1 Qd7 24. h4 h6 25. Qe4 a5 26. Qe5 Bf8 27. Qb8 Qd6 28. Qb7 Ne3+ 29. Kg1 Qd5 30. Qxd5 Nxd5 31. a4 Bc5 32. Rd1 h5 33. Kf1 g6 34. Bd4 Bxd4 35. Rxd4 Kf8 36. Ke2 Ke7 37. Kd3 Kd6 38. Kc4 Kc6 39. Re4 Ne7 40. f3 Nf5 41. Kd3 Nxg3 42. Rc4+ Kd7 43. Rd4+ Kc7 44. Rc4+ Kb7 45. Rd4 Kc6 46. Rc4+ Kd7 47. Rd4+ Ke7 48. Rc4 Nf5 49. Rc6 Nxh4 50. Ke2 Nf5 51. Rxb6 Nd4+ 52. Ke3 Nf5+ 53. Kf2 Nd4 54. Ra6 Nb3 55. Ra7+ Kf6 56. Kg3 g5 57. f4 g4 58. Rb7 Nd4 59. Kh4 Kg6 60. Kg3 Nf5+ 61. Kg2 h4 62. Rb5 h3+ 63. Kg1 g3 64. Rxa5 Nh4 65. Rg5+ 1-0

[Event "IRQ-ch op 2nd"]
[Site "Baghdad"]
[Date "2013.03.08"]
[Round "4"]
[White "Firas, Qassim Abbas"]
[Black "Al Badani, Abdu"]
[Result "0-1"]
[WhiteElo "2044"]
[BlackElo "2203"]
[PlyCount "123"]
[EventDate "2013.03.06"]
[EventType "swiss"]
[EventRounds "9"]
[EventCountry "IRQ"]
[SourceTitle "CBM 153 Extra"]
[Source "ChessBase"]
[SourceDate "2013.04.22"]
[SourceVersion "1"]
[SourceVersionDate "2013.04.22"]
[SourceQuality "1"]

1. d4 Nf6 2. Nf3 d5 3. c4 e6 4. g3 c6 5. Bg2 Bb4+ 6. Bd2 a5 7. 0-0 0-0 8. Qc2 Nbd7 9. Bf4 Be7 10. Nbd2 Re8 11. e4 dxe4 12. Nxe4 Nxe4 13. Qxe4 Nf6 14. Qc2 a4 15. a3 Qa5 16. Rad1 Bd7 17. Ne5 Red8 18. Rfe1 Be8 19. Qe2 Rac8 20. h3 b5 21. c5 Nd5 22. Bd2 Qc7 23. Be4 Bf6 24. Bb1 Qe7 25. Qe4 g6 26. Ba5 Rd7 27. Nxd7 Bxd7 28. Ba2 Qf8 29. Bc3 Qh6 30. h4 Qh5 31. Qe2 Qh6 32. Bd2 Qg7 33. Bxd5 exd5 34. Bg5 h5 35. Bxf6 Qxf6 36. Qe5 Qf3 37. Qf4 Qxf4 38. gxf4 Kg7 39. Kg2 Kf6 40. Kg3 Rb8 41. Rd2 Bf5 42. Re5 Be6 43. Re3 Bf5 44. b3 Ra8 45. Kg2 Be6 46. Rb2 Bf5 47. bxa4 Rxa4 48. Rbb3 Ra8 49. Kg3 Bc2 50. Rb2 Bf5 51. Rb4 Bc2 52. Re2 Be4 53. f3 Bd3 54. Rd2 Rxa3 55. Rd1 Be2 56. Re1 Bxf3 57. Kf2 Bg4 58. Re3 Ra1 59. Re5 Ra2+ 60. Kg3 Ra3+ 61. Kg2 Bf5 62. Kf2 0-1